| 000 | 01113nam a2200229Ia 4500 | ||
|---|---|---|---|
| 003 | Ost | ||
| 005 | 20260507075053.0 | ||
| 008 | 260507s9999||||xx |||||||||||||| ||und|| | ||
| 020 | _a9957180711 | ||
| 040 | _cfsecg | ||
| 041 | _aara | ||
| 082 | _a338.9 | ||
| 100 |
_aالسواعي، خالد محمد _eمؤلف |
||
| 245 | 0 |
_aالتجارة والتنمية / _c خالد محمد السواعي |
|
| 260 |
_aعمان: _bدار المناهج, _c2006 |
||
| 300 |
_a264 صفحة؛ _bإيضاحات ؛ _c25 سم |
||
| 504 | _aالمراجع ص.251 | ||
| 520 | _aماهية التجارة والتنمية، التجارة الدولية والتنمية الاقتصادية، ميزان المدفوعات، محددات التجارة الخارجية، التكتلات الاقتصادية، سياسة التجارة الخارجية في الدول النامية، تجارب من الدول النامية، منظمة التجارة العالمية والدول النامية | ||
| 653 | _aالتجارة الخارجية | ||
| 653 | _aالتنمية الاقتصادية | ||
| 942 | _cكتاب | ||
| 999 |
_c42684 _d42684 |
||